| 000 | 00363nam a2200157Ia 4500 | ||
|---|---|---|---|
| 008 | 230312s9999||||xx |||||||||||||| ||und|| | ||
| 020 | _a0071289399 | ||
| 082 |
_a658.4 _bLUT-O |
||
| 100 | _aLuthans;Fred | ||
| 245 | 0 | _aOrganizational Behavior | |
| 260 |
_bMcGraw Hill _aIndia _c2011 |
||
| 300 | _a574 | ||
| 546 | _aEng. | ||
| 650 |
_aManagement _vOB |
||
| 942 | _cBK | ||
| 999 |
_c6723 _d6723 |
||